000 00704cam a22002413a 4500
001 19488
003 PGUSA
005 20140828083419.0
008 061007s2006||||xxu|||||s|||||000 | eng d
040 _aPGUSA
_beng
042 _adc
050 4 _aDC
100 1 _aFrance, Anatole,
_d1844-1924
245 1 4 _aThe Life of Joan of Arc, Vol. 1 and 2
_h[electronic resource] /
_cAnatole France
260 _bProject Gutenberg,
_c2006
506 _aPublic domain in the USA.
516 _aElectronic text
653 _aJoan, of Arc, Saint, 1412-1431
700 1 _aWhale, Winifred Stephens,
_d-1925
830 0 _aProject Gutenberg
_v19488
856 4 0 _uhttp://www.gutenberg.org/ebooks/19488
942 _cEB
999 _c248743
_d248743